000 00929cam a2200205 4500
001 WB3839-11
008 021024n2002 000 0 eng u
035 _a(Sirsi) u120238
245 _aAmmonia booklet
260 _c2002
490 _aDEFRA News Release
_v(421/02) 18 October 2002, (3)
520 _aA Defra booklet is published which is designed to highlight the widespread environmental damage caused by ammonia emissions. Includes maps, photographs and diagrams and it will be issued to environmental and farming groups. For the DEFRA Press Release: http://www.rics.org/ricscms/bin/show?class=News&template=/includes/shownews.html&id=3993 For the full booklet: http://www.defra.gov.uk/environment/airquality/ammonia/index.htm
590 _aWB
650 _aDEFRA
650 _aAMMONIA
650 _aENVIRONMENTAL DAMAGE
650 _aENVIRONMENTAL POLLUTION
690 _aENVIRONMENT-CONTAMINATION
942 _n0
999 _c71429
_d71429